000 00701nam a22002417a 4500
003 UA-OsUOA
001 44593
007 ta
008 20101119b un ||||| |||| 00| 0 ukr d
100 _aKrzastka T.
090 _a94(477).06/94(4).438
942 _cBK
040 _aUA-OsUOA
_bpol
_cUA-OsUOA
_dUA-OsUOA
245 _aPolska i Ukraina w walce o niepodleglosc 1918-1920
300 _a469 s.
955 _a1
041 _apol
080 _a94(477).06/94(4).438
260 _aWarsawa
_c2009
650 7 _a9 Географія. Біографії. Історія
_2UDC
999 _c424697
_d424697